<?xml version="1.0" encoding="UTF-8"?>
<record
    xmlns:xsi="http://www.w3.org/2001/XMLSchema-instance"
    xsi:schemaLocation="http://www.loc.gov/MARC21/slim http://www.loc.gov/standards/marcxml/schema/MARC21slim.xsd"
    xmlns="http://www.loc.gov/MARC21/slim">

  <leader>02259cam a22002415a 4500</leader>
  <controlfield tag="001">11410180</controlfield>
  <controlfield tag="005">20161207103733.0</controlfield>
  <controlfield tag="008">141101t2015    enka   frb    001 0 eng d</controlfield>
  <datafield tag="020" ind1=" " ind2=" ">
    <subfield code="z">9780124104617</subfield>
  </datafield>
  <datafield tag="040" ind1=" " ind2=" ">
    <subfield code="a">EBLCP</subfield>
    <subfield code="b">eng</subfield>
    <subfield code="e">pn</subfield>
    <subfield code="c">EBLCP</subfield>
    <subfield code="d">N$T</subfield>
    <subfield code="d">TEFOD</subfield>
    <subfield code="d">N$T</subfield>
    <subfield code="d">E7B</subfield>
    <subfield code="d">UIU</subfield>
    <subfield code="d">OCLCF</subfield>
    <subfield code="d">COO</subfield>
    <subfield code="d">KNOVL</subfield>
    <subfield code="d">UMI</subfield>
    <subfield code="d">YDXCP</subfield>
    <subfield code="d">OCP</subfield>
    <subfield code="d">DEBBG</subfield>
    <subfield code="d">DEBSZ</subfield>
    <subfield code="d">B24X7</subfield>
    <subfield code="d">ZCU</subfield>
    <subfield code="d">OCLCQ</subfield>
    <subfield code="d">TEFOD</subfield>
    <subfield code="d">EG-ScBUE</subfield>
  </datafield>
  <datafield tag="082" ind1="0" ind2="4">
    <subfield code="a">621.433</subfield>
    <subfield code="2">22</subfield>
    <subfield code="b">SOA</subfield>
  </datafield>
  <datafield tag="100" ind1="1" ind2=" ">
    <subfield code="a">Soares, Claire.</subfield>
    <subfield code="9">11256</subfield>
  </datafield>
  <datafield tag="245" ind1="1" ind2="0">
    <subfield code="a">Gas turbines :</subfield>
    <subfield code="b">handbook of air, land, and sea applications /</subfield>
    <subfield code="c">Claire Soares.</subfield>
  </datafield>
  <datafield tag="250" ind1=" " ind2=" ">
    <subfield code="a">2nd ed.</subfield>
  </datafield>
  <datafield tag="260" ind1=" " ind2=" ">
    <subfield code="a">Oxford ;</subfield>
    <subfield code="a">Waltham :</subfield>
    <subfield code="b">Butterworth-Heinemann / Elsevier,</subfield>
    <subfield code="c">c.2015.</subfield>
  </datafield>
  <datafield tag="300" ind1=" " ind2=" ">
    <subfield code="a">xxxi, 986 p. :</subfield>
    <subfield code="b">ill. ;</subfield>
    <subfield code="c">28 cm.</subfield>
  </datafield>
  <datafield tag="504" ind1=" " ind2=" ">
    <subfield code="a">Includes bibliographical references and index.</subfield>
  </datafield>
  <datafield tag="505" ind1="0" ind2=" ">
    <subfield code="a">Gas turbines : an introduction and applications -- Historical development of the gas turbine -- Gas turbine configurations and heat cycles -- Gas turbine major components and modules -- Cooling and load bearing systems -- Inlets, exhausts, and noise suppression -- Gas turbine fuel systems and fuels -- Accessory systems -- Controls, instrumentation, and diagnostics (CID) -- Performance, performance testing, and performance optimization -- Gaseous emissions and the environment -- Maintenance, repair, and overhaul -- Installation -- The business of gas turbines -- Manufacturing, materials, and metallurgy -- Microturbines, fuel cells, and hybrid systems -- Training and education -- Future trends in the gas turbine industry -- Basic design theory -- Additional references and appendix for unit conversion.</subfield>
  </datafield>
  <datafield tag="520" ind1=" " ind2=" ">
    <subfield code="a">Covering basic theory, components, installation, maintenance, manufacturing, regulation and industry developments, Gas Turbines: A Handbook of Air, Sea and Land Applications is a broad-based introductory reference designed to give you the knowledge needed to succeed in the gas turbine industry, land, sea and air applications. Providing the big picture view that other detailed, data-focused resources lack, this book has a strong focus on the information needed to effectively decision-make and plan gas turbine system use for particular applications, taking into consideration not only operat.</subfield>
  </datafield>
  <datafield tag="650" ind1=" " ind2="7">
    <subfield code="a">Gas-turbines.</subfield>
    <subfield code="2">BUEsh</subfield>
    <subfield code="9">3977</subfield>
  </datafield>
  <datafield tag="653" ind1=" " ind2=" ">
    <subfield code="b">ENGGEN</subfield>
    <subfield code="c">December2016</subfield>
  </datafield>
  <datafield tag="942" ind1=" " ind2=" ">
    <subfield code="2">ddc</subfield>
  </datafield>
  <datafield tag="999" ind1=" " ind2=" ">
    <subfield code="c">23483</subfield>
    <subfield code="d">23455</subfield>
  </datafield>
  <datafield tag="952" ind1=" " ind2=" ">
    <subfield code="0">0</subfield>
    <subfield code="1">0</subfield>
    <subfield code="2">ddc</subfield>
    <subfield code="4">0</subfield>
    <subfield code="7">0</subfield>
    <subfield code="8">Alahram</subfield>
    <subfield code="a">MAIN</subfield>
    <subfield code="b">MAIN</subfield>
    <subfield code="c">1ST</subfield>
    <subfield code="d">2016-12-07</subfield>
    <subfield code="e">Purchase</subfield>
    <subfield code="g">1020.00</subfield>
    <subfield code="h">116</subfield>
    <subfield code="l">1</subfield>
    <subfield code="o">621.433 SOA</subfield>
    <subfield code="p">000040318</subfield>
    <subfield code="r">2025-07-15 00:00:00</subfield>
    <subfield code="s">2023-06-06</subfield>
    <subfield code="v">1275.00</subfield>
    <subfield code="y">BB</subfield>
  </datafield>
</record>
